000 00567cam a22001814a 4500
005 20250605164353.0
008 250528s ||||||||||||||||||||||||d
035 _a24153
040 _aGR-AtMCL
_bgre
_dGR-AtMCL
_eAACR2
245 1 _aSmart-City Solutions Burnish Drammen's Industrial Image
260 _bEe Times Europe,
_c2019
300 _a67
520 _aAchieving Energy Efficiency on the Factory Floor, Special Report: Privacy and Security, Automotive Technologies.
700 1 _aOjo Bojaji
_99415
942 _cCR
999 _c9050
_d9050